000 00711nam a2200229Ia 4500
003 GCL
008 140319s9999 xx 000 0 ara d
040 _aGCL /
_cGCL
082 0 4 _a378.055
_bل ق
100 1 _aليلى العقاد
245 1 0 _aالقمر الصناعى العربى والتعليم المفتوح /
_cليلى العقاد
260 _a[S.N] :
_bدار الفكر العربى ،
_c1982
300 _a495 ص
490 _a
650 0 4 _aالتعليم
650 0 4 _aالتعليم العالى
650 0 4 _aمحطات الفضاء
650 0 4 _aالاقمار الصناعية
650 0 4 _aالجامعات
650 0 4 _aالجامعات المفتوحة
942 _2ddc
_cBK
999 _c32124
_d32124